000 00914nms a2200265zu 4500
001 22892
003 HDC
007 cr ba a|c||
008 210315p20140927ts ||||gq||d| 00| 0 eng
040 _aHDC
050 _aJART000909
100 _aSmith, Justin
_919634
245 0 _aLegislation needed to make mixed-use work in Asia's emerging markets, says Limitless /
_cby Justin Smith
260 _aMalaysia :
_b[publisher not identified],
_c2008
300 _a1online resources, 1 pages
336 _atext
_2rdacontent
337 _acomputer
_2rdamedia
338 _aonline resource
_2rdacarrier
650 _alegislation and law
_919635
650 _asocial sciences
_9884
856 _zRequest full-text at [email protected]
942 _2lcc
942 _cAR
942 _kJART 003605
999 _c20208
_d20208